000 00476nam a2200181Ia 4500
005 20250326130100.0
008 250326s9999 xx 000 0 und d
037 _aTextbook
040 _aFMSL
_beng
_cFMSL
041 _aeng
_2eng
084 _aX:51 L4
_qFMSL
100 _aKotler P
245 0 _aMarketing management
_cKotler P
260 _aNew Delhi
_bNew Delhi, Prentice-Hall
_c1974
300 _a886p
942 _cTB
_hX:51 L4
999 _c1280834
_d1280834